The Philosophy of Illumination. (Record no. 348496)
[ view plain ]
| 000 -LEADER | |
|---|---|
| fixed length control field | 00333 a2200133 4500 |
| 082 ## - DEWEY DECIMAL CLASSIFICATION NUMBER | |
| Classification number | 181.07 |
| 090 ## - LOCALLY ASSIGNED LC-TYPE CALL NUMBER (OCLC); LOCAL CALL NUMBER (RLIN) | |
| -- | 6113 |
| -- | 6113 |
| 100 ## - MAIN ENTRY--PERSONAL NAME | |
| Personal name | Walbridge ,J. |
| 245 ## - TITLE STATEMENT | |
| Title | The Philosophy of Illumination. |
| Statement of responsibility, etc. | J.Walbridge. |
| 260 ## - PUBLICATION, DISTRIBUTION, ETC. | |
| Place of publication, distribution, etc. | Lahore. |
| Name of publisher, distributor, etc. | Suhail Academy. |
| Date of publication, distribution, etc. | 2005. |
| 300 ## - PHYSICAL DESCRIPTION | |
| Extent | 218p. |
| 500 ## - GENERAL NOTE | |
| General note | Hard cover. |
| 942 ## - ADDED ENTRY ELEMENTS (KOHA) | |
| Institution code [OBSOLETE] | NBS |
| Koha item type | Book |
| Call number prefix | 181.07 WAL |
| Withdrawn status | Lost status | Damaged status | Not for loan | Permanent Location | Current Location | Date acquired | Total Checkouts | Full call number | Barcode | Date last seen | Date last checked out | Price effective from | Koha item type |
|---|---|---|---|---|---|---|---|---|---|---|---|---|---|
| Central Library (CL) | Central Library (CL) | 08/28/2013 | 1 | 181.07 WAL | NBSD-1696 | 10/01/2025 | 09/10/2025 | 08/28/2013 | Book |
